ბათუმის შოთა რუსთაველის სახელმწიფო უნივერსიტეტის ბიბლიოთეკა

საქართველოს სამოქალაქო საზოგადოების შეფასება, 2005 : (ბიბ.ჩანაწერი № 62516)

000 -ლიდერი
ფიქსირებული სიგრძის საკონტროლო ველი 01641nam a22002177a 4500
003 - საკონტროლო ნომრის იდენტიფიკატორი
საკონტროლო ველი Ge_BSU
005 - ბოლო ოპერაციის თარიღი და დრო
საკონტროლო ველი 20241125114548.0
008 - ფიქსირებული სიგრძის მონაცემთა ელემენტები - ზოგადი ინფორმაცია
ფიქსირებული სიგრძის საკონტროლო ველი 241125s2006 ge ||||| |||| 00| 0 geo d
020 ## - წიგნის საერთაშორისო სტანდარტული ნომერი
International Standard Book Number 9994067478
041 ## - ენის კოდი
Language code of text/sound track or separate title geo
080 ## - უნივერსალური ათობითი კლასიფიკაციის ინდექსი
Universal Decimal Classification number 316.325(479.22)გ-96
100 ## - მთავარი ჩანაწერი - პიროვნების სახელი
Personal name გურგენიძე, პაატა
9 (RLIN) 23778
245 ## - ცნობა სათაურის შესახებ
Title საქართველოს სამოქალაქო საზოგადოების შეფასება, 2005 :
Remainder of title დემოკრატ. ფასეულებების ერთგულება გამოწვევებით აღსავსე გარემოში : სივიკუს-ის სამოქალაქო საზოგადოების ინდექსის შემოკლებული ინსტრუმენტი /
Statement of responsibility, etc ავტ. პაატა გურგენიძე ; მთ. რედ. გია ნოდია ; [თარგმანი თამარ ნასყიდაშვილისა
264 ## - წარმოების, გამოცემის, დისტრიბუციის და სხვა ცნობები
გამოცემის, წარმოების, დისტრიბუციის... ადგილი თბილისი :
გამოცემის, წარმოების, დისტრიბუციის... სახელწოდება კონსულტაციისა და ტრენინგის ცენტრი,
გამოცემის, წარმოების, დისტრიბუციის... თარიღი 2006.
300 ## - ფიზიკური აღწერა
Extent 128გვ. :
Other physical details დიაგრ. ;
Dimensions 23 სმ.
504 ## - BIBLIOGRAPHY, ETC. NOTE
Bibliography, etc ბიბლიოგრ.: გვ. 123-128.
653 ## - INDEX TERM--UNCONTROLLED
Uncontrolled term სამოქალაქო საზოგადოება საქართველოში
700 ## - ADDED ENTRY--PERSONAL NAME
Personal name ნოდია, გია
Relator term მთავარი რედაქტორი
9 (RLIN) 23779
700 ## - ADDED ENTRY--PERSONAL NAME
Personal name ნასყიდაშვილი, თამარ
Relator term მთარგმნელი
9 (RLIN) 23780
942 ## - ADDED ENTRY ELEMENTS (KOHA)
Source of classification or shelving scheme
Koha item type წიგნი
ეგზემპლარები
ჩამოწერის სტატუსი დაკარგული ეგზემპლარის სტატუსი კლასიფიკაციის წყარო ან თაროზე გაწყობის სქემა დაზიანების სტატუსი არ გაიცემა მუდმივი მდებარეობა (დაცვის ადგილი) ამჟამინდელი ადგილსამყოფელი თაროზე განთავსების ადგილი შეძენის თარიღი ღირებულება, შესყიდვის ნორმალური ფასი სრული შენახვის შიფრი შტრიხკოდი ბოლო ოპერაციის თარიღი ეგზემპლარის მიმდევრობითი ნომერი (კეტერი?) ფასის ძალაში შესვლის თარიღი ეგზემპლარის სახეობა საჯარო შენიშვნა
          ბათუმის შოთა რუსთაველის სახელმწიფო უნივერსიტეტის მთავარი ბიბლიოთეკა ბათუმის შოთა რუსთაველის სახელმწიფო უნივერსიტეტის მთავარი ბიბლიოთეკა წიგნსაცავი 2024-11-25 5.00 316.325(479.22)გ-96 69846 2024-11-25 69846 2024-11-25 წიგნი 5.00
          ბათუმის შოთა რუსთაველის სახელმწიფო უნივერსიტეტის მთავარი ბიბლიოთეკა ბათუმის შოთა რუსთაველის სახელმწიფო უნივერსიტეტის მთავარი ბიბლიოთეკა წიგნსაცავი 2024-11-25 5.00 316.325(479.22)გ-96 69847 2024-11-25 69847 2024-11-25 წიგნი 5.00